02215nam a22001937a 450000500170000000800410001704000440005804100080010208200120011010000430012224502430016526001200040830000530052849000350058150010880061650502730170450600210197765100230199820240605104359.0240605s1874 sp a|||fr|||| 00| 0 spa d aCO-BoUCMbspacSandra YazodSandra Yazo0 aspa04220a9461 aZamora y Caballero, Eduardod1837-189910aHistoria General de España y de sus posesiones de ultramar.bDesde los tiempos primitivos hasta el advenimiento de la República ... Tomo III y V.cpor P. E. Zamora y Caballero sacada de las principales crónicas, anales e historias.  aMadrid (España)bImprenta de la Ilustración Universal ; bEstablecimiento Tipográfico de Muñoz y Reigc1874 a2 volumenes (876 ; 1399 páginas)c31 x 22 cm. 0 aBiblioteca Universal Ilustrada aDetalles físicos: Encuadernación rígida (española) cartón forrado en cuero jaspeado. Lomo con tejuelos (rojo y negro): letras y motivos decorativos en dorado. Cortes decorados en jaspeado rojo. Guardas en papel de agua. Anteportada. Portada impresa en una sola tinta. Texto impreso en dos columnas, con diferentes tipos y tamaños de letras, separadas por una línea vertical. Encabezamientos de las páginas, con doble línea y escudo de España. Hojas de papel diferente con grabados de variada calidad (fuera de texto). Algunos de página entera y de doble página. Sumarios. Índices. Colección incompleta. Cuero de las tapas, pelado y con raspaduras. Guardas deterioradas; alguna, perforada. Papel con manchas. V.3: Esquinas inferiores de las tapas, dobladas, lomo con faltante de ambos tejuelos. Anteportada arrugada. Esquina superior de hojas, con dobleces (pág. 375 a 402). Portada con firma (Luis M. Borrero) V.5: guarda delantera con perforación. Grave maltrato en varias hojas por cierres defectuosos. Con desgarrones del papel (de pág. 99 a 116)2 aV.3: Historia de España ; De la proclamación de Fernando I de Aragón a la muerte del Cardenal Cisneros: Capítulos I al XLIII -- V.5: Historia de España ; De la venida de Felipe V hasta la salida de las tropas napoleónicas de España: Capítulos I al XLV. aConsulta en sala 4aEspañaxHistoria